| 000 | 01224nam a22002657a 4500 | ||
|---|---|---|---|
| 005 | 20170124103100.0 | ||
| 010 | _aA-576666 | ||
| 020 | _c140.00 | ||
| 035 | _aA-576666 | ||
| 037 | _bCen Lib/Ret | ||
| 040 |
_aDPL _bHN |
||
| 082 |
_a920 _bनायडू |
||
| 100 |
_aनायडू, राजलक्ष्मी _99690 |
||
| 245 |
_aविष्णु प्रभाकर : व्यक्तित्व एवं कृतित्व / _cराजलक्ष्मी नायडू |
||
| 246 |
_aVishnu Prabhakar : vyaktitv ewam krititv / _bby Rajlakshmi Naidu |
||
| 260 |
_aकानपुर _bविकास प्रकाशन _c1991 |
||
| 270 |
_bकानपुर _a127/145, दवान्ब्ल्यु साकेतनगर _e208 014 |
||
| 300 |
_a231पृ. _c20सेमी(अजिल्द) |
||
| 500 | _aसंदर्भ शामिल | ||
| 650 |
_aहिन्दी साहित्य _976536 |
||
| 650 |
_aहिन्दी -- जीवनी - विष्णु प्रभाकर _976537 |
||
| 650 |
_aHindi literature _976538 |
||
| 650 |
_aHindi -- biography - Vishnu Prabhakar _976539 |
||
| 942 |
_2ddc _cHN _h920 _mनायडू |
||
| 999 |
_c117732 _d117732 |
||